All Items in Escape The Backrooms - Statistics

General Stats
  • This quiz has been taken 33 times
    6 since last reset
  • The average score is 14 of 22
Answer Stats
Answer % Correct
Almond Water
100%
Rope
100%
Camera
80%
Energy Bar
80%
Flashlight
80%
Juice
80%
Knife
80%
Almond Concentrate
60%
Bug Spray
60%
Chainsaw
60%
Crowbar
60%
Flare Gun
60%
LiDar Scanner
60%
Liquid Pain
60%
Moth Jelly
60%
Thermometer
60%
Ticket
60%
Walkie Talkie
60%
Diving Helmet
40%
Firework
40%
Glowstick
40%
Toy
40%
No matching quizzes found
Score Distribution
Percent of People with Each Score
Percentile by Number Answered
Your Score History
You have not taken this quiz since the last reset